Personnalités françaises liées à la Première Guerre mondiale en images - Statistiques

Statistiques générales
  • Ce quiz a été pris 105 fois
  • Le résultat moyen est 9 sur 16
Statistiques - réponses
Par images Hint Réponse % Correct
Maréchal Philippe Pétain
98%
Chimiste Marie Curie
97%
Capitaine Charles de Gaulle
84%
Président du Conseil Georges Clemenceau
83%
Pacifiste Jean Jaurès
72%
Maréchal Ferdinand Foch
71%
Lieutenant-colonel Alfred Dreyfus
68%
Président de la République Raymond Poincaré
65%
Maréchal Joseph Joffre
63%
Poète Guillaume Apollinaire
54%
Comédienne Sarah Bernhardt
33%
Aviateur Roland Garros
32%
Président du Conseil Aristide Briand
26%
Président de la Chambre Paul Deschanel
25%
Poète Jean Cocteau
17%
Gouverneur militaire Paul Doumer
15%
Aucun quiz correspondant
Distribution des résultats
% des personnes avec chaque résultat
Percentile par nombre de réponses
Votre historique - résultats
Vous n’avez pas pris ce quiz